[Event "Bad Woerishofen Seniors opA 23rd"]
[Site "Bad Woerishofen"]
[Date "2007.03.16"]
[Round "9"]
[White "Winkler, Karl Heinz"]
[Black "Dinser, Hans"]
[Result "0-1"]
[WhiteElo "1712"]
[BlackElo "1705"]
[PlyCount "92"]
[EventDate "2007.03.08"]
[EventType "swiss"]
[EventRounds "9"]
[EventCountry "GER"]
[SourceTitle "EXT 2022"]
[Source "ChessBase"]
[SourceDate "2021.10.06"]
[SourceVersion "1"]
[SourceVersionDate "2021.10.06"]
[SourceQuality "1"]

1. c4 e5 2. Nc3 Nc6 3. g3 b6 4. Bg2 Bb7 5. a3 Nf6 6. e3 Be7 7. Nge2 0-0 8. 0-0 Na5 9. d3 Bxg2 10. Kxg2 d5 11. b4 Nb7 12. Bb2 d4 13. Nb1 c5 14. b5 Bd6 15. e4 h6 16. Nd2 Nh7 17. Nf3 f5 18. exf5 Rxf5 19. Nh4 Rf6 20. Kg1 Qd7 21. Ng2 Qh3 22. f4 exf4 23. Nexf4 Qd7 24. Qf3 Bxf4 25. Nxf4 Raf8 26. Qg2 Ng5 27. Rae1 Nd8 28. Bc1 Nde6 29. Re5 Nxf4 30. Rxf4 Nh3+ 31. Kh1 Nxf4 32. gxf4 Re8 33. Bd2 Rxe5 34. fxe5 Re6 35. Bf4 Qf7 36. Bg3 g5 37. h3 Kg7 38. Kh2 Kg6 39. Qe4+ Qf5 40. Qd5 h5 41. Kg2 h4 42. Bh2 g4 43. hxg4 Qxg4+ 44. Kf2 Qf5+ 45. Ke2 Qg4+ 46. Ke1 h3 0-1

[Event "Bad Woerishofen Seniors opA 23rd"]
[Site "Bad Woerishofen"]
[Date "2007.03.13"]
[Round "6"]
[White "Fels, Karl Heinz"]
[Black "Winkler, Karl Heinz"]
[Result "0-1"]
[WhiteElo "1780"]
[BlackElo "1712"]
[PlyCount "136"]
[EventDate "2007.03.08"]
[EventType "swiss"]
[EventRounds "9"]
[EventCountry "GER"]
[SourceTitle "EXT 2022"]
[Source "ChessBase"]
[SourceDate "2021.10.06"]
[SourceVersion "1"]
[SourceVersionDate "2021.10.06"]
[SourceQuality "1"]

1. e4 e5 2. Nf3 Nc6 3. Bb5 Nd4 4. Nxd4 exd4 5. 0-0 Bc5 6. d3 Ne7 7. Bg5 0-0 8. f4 f6 9. Bh4 c6 10. Bc4+ d5 11. exd5 Nxd5 12. Qf3 Be6 13. f5 Bf7 14. Nd2 a5 15. Ne4 Ba7 16. a4 Kh8 17. Rf2 Ne3 18. Bxf7 Rxf7 19. Bg3 Rd7 20. Kh1 Rd5 21. Bf4 Nxf5 22. g4 Nh4 23. Qh3 Ng6 24. Bg3 Bb8 25. Raf1 Bxg3 26. Qxg3 Qb8 27. Qf3 Qe5 28. g5 f5 29. Ng3 f4 30. Ne4 Rf8 31. Qg4 Qf5 32. Qf3 Rdd8 33. b3 b6 34. Rg1 Ne5 35. Qg2 f3 36. Qg3 Qf4 37. Qh3 Rf5 38. Qg3 b5 39. Ra1 Ng4 40. Rff1 b4 41. h3 Ne3 42. Qxf4 Rxf4 43. Rf2 Kg8 44. Kh2 Rd5 45. Kg3 Rdf5 46. Rc1 Rf8 47. Kh2 R4f5 48. Kg3 g6 49. Kh2 Kg7 50. Kg3 h6 51. gxh6+ Kxh6 52. Kh2 g5 53. Rg1 Ng2 54. Rgf1 Rf4 55. Rg1 R8f5 56. Rgf1 Nh4 57. Rg1 Re5 58. Re1 c5 59. Kg3 Nf5+ 60. Kh2 Ne3 61. Rc1 Kh5 62. Kg3 Nf5+ 63. Kh2 Kh4 64. Rg1 Ne3 65. Rg3 g4 66. Rg1 Ref5 67. Rg3 Rh5 68. Rd2 Nf1+ 0-1

[Event "Bad Woerishofen Seniors opA 23rd"]
[Site "Bad Woerishofen"]
[Date "2007.03.12"]
[Round "5"]
[White "Winkler, Karl Heinz"]
[Black "Budt, Karl Heinz"]
[Result "0-1"]
[WhiteElo "1712"]
[BlackElo "1934"]
[PlyCount "116"]
[EventDate "2007.03.08"]
[EventType "swiss"]
[EventRounds "9"]
[EventCountry "GER"]
[SourceTitle "EXT 2022"]
[Source "ChessBase"]
[SourceDate "2021.10.06"]
[SourceVersion "1"]
[SourceVersionDate "2021.10.06"]
[SourceQuality "1"]

1. c4 Nf6 2. Nc3 e6 3. g3 d5 4. cxd5 Nxd5 5. Bg2 Be7 6. e3 0-0 7. Nge2 Nb4 8. d4 c5 9. 0-0 cxd4 10. Nxd4 N8c6 11. a3 Nxd4 12. axb4 Nf5 13. Qb3 Qb6 14. b5 Bd7 15. Rd1 Rfd8 16. Bd2 a6 17. Bf1 axb5 18. Rxa8 Rxa8 19. Be1 Nd6 20. Qb4 Bf8 21. Qd4 Qxd4 22. Rxd4 b4 23. Rxb4 Ra1 24. Bd2 e5 25. Kg2 Bc6+ 26. Kg1 f5 27. f3 Bxf3 28. Kf2 Bc6 29. Bc4+ Nxc4 30. Rxc4 Rh1 31. Rh4 Be7 32. Rh3 b5 33. Ne2 Ra1 34. Be1 b4 35. Ng1 Rb1 36. Bd2 Rxb2 37. Ke1 Rb1+ 38. Kf2 Bb5 39. Ne2 Rd1 40. Be1 Ra1 41. g4 Ra2 42. gxf5 Rxe2+ 43. Kf3 Rxe1 44. e4 Rf1+ 45. Kg3 b3 46. Kg2 b2 47. Rb3 b1Q 48. Rxb1 Rxb1 49. h4 Rb3 50. h5 Bc6 51. f6 Bxe4+ 52. Kf2 Bc5+ 53. Ke2 gxf6 54. h6 f5 55. Kd2 f4 56. Kd1 f3 57. Kd2 Be3+ 58. Kd1 Rb1# 0-1

[Event "Bad Woerishofen Seniors opA 23rd"]
[Site "Bad Woerishofen"]
[Date "2007.03.11"]
[Round "4"]
[White "Miller, Martin"]
[Black "Winkler, Karl Heinz"]
[Result "0-1"]
[WhiteElo "1756"]
[BlackElo "1712"]
[PlyCount "126"]
[EventDate "2007.03.08"]
[EventType "swiss"]
[EventRounds "9"]
[EventCountry "GER"]
[SourceTitle "EXT 2022"]
[Source "ChessBase"]
[SourceDate "2021.10.06"]
[SourceVersion "1"]
[SourceVersionDate "2021.10.06"]
[SourceQuality "1"]

1. e4 e5 2. Nf3 d6 3. d4 exd4 4. Nxd4 Nf6 5. Nc3 c6 6. Bd3 Be7 7. 0-0 0-0 8. h3 a6 9. Be3 Nbd7 10. Nf5 Ne5 11. Nxe7+ Qxe7 12. Be2 h6 13. Qd2 Ng6 14. Bd3 Be6 15. f4 Bd7 16. Rae1 b5 17. a3 a5 18. Qf2 Nh7 19. e5 Rfe8 20. exd6 Qxd6 21. Ne4 Qd5 22. Nc3 Qh5 23. f5 Ne7 24. Bc5 Nd5 25. Ne4 f6 26. Be2 Qxf5 27. Bf3 Ng5 28. Nxg5 hxg5 29. Rd1 Be6 30. Rd2 Bf7 31. b3 Rac8 32. c4 bxc4 33. bxc4 Nc3 34. Rc1 Ne4 35. Bxe4 Qxf2+ 36. Kxf2 Rxe4 37. Rd4 Rce8 38. Rc3 Kh7 39. Rd6 Bxc4 40. Re3 Bd5 41. Rxe4 Rxe4 42. g3 Rc4 43. Bb6 a4 44. Ba5 Kg6 45. Rd8 Rc2+ 46. Ke3 Rg2 47. Bc7 Rh2 48. Ra8 Rxh3 49. Rxa4 f5 50. Kf2 Rh2+ 51. Ke3 Kf6 52. Bd8+ Kg6 53. Bc7 Rh8 54. Kd4 Re8 55. Be5 f4 56. gxf4 gxf4 57. Ra7 Bf7 58. Bxf4 Kf6 59. Rd7 Bd5 60. Bc7 Ra8 61. Rd6+ Kf5 62. Rd7 g5 63. Rf7+ Bxf7 0-1

[Event "Bad Woerishofen Seniors opA 23rd"]
[Site "Bad Woerishofen"]
[Date "2007.03.08"]
[Round "1"]
[White "Winkler, Karl Heinz"]
[Black "Straub, Peter"]
[Result "0-1"]
[WhiteElo "1712"]
[BlackElo "2036"]
[PlyCount "131"]
[EventDate "2007.03.08"]
[EventType "swiss"]
[EventRounds "9"]
[EventCountry "GER"]
[SourceTitle "EXT 2022"]
[Source "ChessBase"]
[SourceDate "2021.10.06"]
[SourceVersion "1"]
[SourceVersionDate "2021.10.06"]
[SourceQuality "1"]

1. e4 c5 2. Nf3 e6 3. Nc3 a6 4. d4 cxd4 5. Nxd4 Qc7 6. Bd3 Nf6 7. h3 Be7 8. Nf3 Nc6 9. a3 b5 10. 0-0 0-0 11. Ne2 Bb7 12. Bf4 d6 13. Re1 Ne5 14. Ng3 Ng6 15. Bd2 d5 16. Bc3 Rfd8 17. e5 Ne4 18. Bd4 Rac8 19. c3 Nc5 20. Bxg6 fxg6 21. Ne2 Rf8 22. Bxc5 Bxc5 23. Ned4 Qe7 24. Qe2 Rf4 25. g3 Rf7 26. Qd3 Rcf8 27. Re3 Bxd4 28. cxd4 Rc8 29. Rf1 Qc7 30. Kg2 Qc2 31. b4 h6 32. Nh4 g5 33. Nf3 Rfc7 34. Ne1 Qc4 35. Rf3 Bc6 36. Re3 Be8 37. f4 gxf4 38. Rxf4 Qc1 39. Ref3 Bh5 40. g4 Qxe1 41. gxh5 Rc2+ 42. Rf2 Rc1 43. Rf1 R1c2+ 44. R4f2 Rxf2+ 45. Rxf2 Rc1 46. Rf1 Rc3 47. Qg6 Qe4+ 48. Kg1 Qxd4+ 49. Rf2 Rc1+ 50. Kg2 Qe4+ 51. Qxe4 dxe4 52. Re2 Rc4 53. Kf2 Kf7 54. Re3 g6 55. Kg3 g5 56. h4 gxh4+ 57. Kxh4 Ke7 58. Kg4 Kd7 59. Kf4 Kc6 60. Rxe4 Kd5 61. Rxc4 bxc4 62. a4 Kd4 63. b5 c3 64. bxa6 c2 65. a7 c1Q+ 66. Kg3 0-1

[Event "Bad Griesbach Seniors op 09th"]
[Site "Bad Griesbach"]
[Date "2006.12.06"]
[Round "4"]
[White "Winkler, Karl Heinz"]
[Black "Lamprecht, Friedrich"]
[Result "0-1"]
[WhiteElo "1701"]
[BlackElo "1760"]
[PlyCount "74"]
[EventDate "2006.12.03"]
[EventType "swiss"]
[EventRounds "7"]
[EventCountry "GER"]
[SourceTitle "EXT 2015"]
[Source "ChessBase"]
[SourceDate "2014.11.20"]
[SourceVersion "1"]
[SourceVersionDate "2014.11.20"]
[SourceQuality "1"]

1. c4 c5 2. Nc3 Nc6 3. e3 e6 4. a3 d5 5. cxd5 exd5 6. d4 Nf6 7. Nge2 Bg4 8. h3 Bf5 9. Ng3 Be6 10. Be2 Bd6 11. Bb5 0-0 12. 0-0 Qc7 13. f4 Qb6 14. Ba4 cxd4 15. Bxc6 dxc3 16. Ba4 cxb2 17. Rb1 bxc1Q 18. Qxc1 Qa5 19. Qd1 Rab8 20. Rb5 Qc3 21. Rb3 Qc5 22. Qd2 Rfc8 23. Ne2 Ne4 24. Qb2 Qc7 25. Rc1 Qd8 26. Rxb7 Rxc1+ 27. Nxc1 Rxb7 28. Qxb7 Qb6 29. Qa8+ Bf8 30. Nb3 Qxe3+ 31. Kh1 Nf2+ 32. Kh2 Qxf4+ 33. g3 Qxa4 34. Nc5 Qc2 35. Kg2 Ne4+ 36. Kh1 Qxc5 37. g4 Qf2 0-1

[Event "Tierpark op 5th"]
[Site "Ueckermuende"]
[Date "2006.09.03"]
[Round "5"]
[White "Strate, Gerda"]
[Black "Winkler, Karl Heinz"]
[Result "1/2-1/2"]
[WhiteElo "1740"]
[BlackElo "1749"]
[PlyCount "92"]
[EventDate "2006.09.01"]
[EventType "swiss"]
[EventRounds "5"]
[EventCountry "GER"]
[SourceTitle "EXT 2023"]
[Source "ChessBase"]
[SourceDate "2022.10.05"]
[SourceVersion "1"]
[SourceVersionDate "2022.10.05"]
[SourceQuality "1"]

1. e4 e5 2. Nf3 Nc6 3. Bb5 Nf6 4. 0-0 Nxe4 5. Re1 Nd6 6. Bxc6 dxc6 7. Nxe5 Be7 8. d3 0-0 9. Bf4 Be6 10. Nc3 Re8 11. Qf3 Nf5 12. Ne4 Nd4 13. Qd1 Bf6 14. c3 Nf5 15. Ng4 Be7 16. h3 Bd6 17. Bg5 Be7 18. Qd2 Bxg5 19. Nxg5 Bd7 20. Qf4 Nd6 21. Rad1 Bxg4 22. Qxg4 Qf6 23. Ne4 Qf5 24. Qxf5 Nxf5 25. Nc5 Nd6 26. Kf1 Kf8 27. Nd7+ Kg8 28. Rxe8+ Rxe8 29. Re1 Rd8 30. Nc5 Kf8 31. g4 b6 32. Na6 Rc8 33. Nb4 c5 34. Nc6 a5 35. f4 Re8 36. Ne5 f6 37. Nf3 Rxe1+ 38. Kxe1 Ke7 39. Ke2 g6 40. a4 c6 41. c4 Ke6 42. Ke3 b5 43. axb5 cxb5 44. Nd2 a4 45. cxb5 Nxb5 46. Nc4 Nd4 1/2-1/2

[Event "Tierpark op 5th"]
[Site "Ueckermuende"]
[Date "2006.09.01"]
[Round "1"]
[White "Jordan, Georg"]
[Black "Winkler, Karl Heinz"]
[Result "1-0"]
[WhiteElo "1306"]
[BlackElo "1749"]
[PlyCount "111"]
[EventDate "2006.09.01"]
[EventType "swiss"]
[EventRounds "5"]
[EventCountry "GER"]
[SourceTitle "EXT 2023"]
[Source "ChessBase"]
[SourceDate "2022.10.05"]
[SourceVersion "1"]
[SourceVersionDate "2022.10.05"]
[SourceQuality "1"]

1. e4 e5 2. Nf3 Nc6 3. d4 exd4 4. Nxd4 Nxd4 5. Qxd4 d6 6. Be3 Nf6 7. Nc3 Be7 8. f3 0-0 9. 0-0-0 Be6 10. h4 Nh5 11. e5 Ng3 12. exd6 Bf6 13. Qf4 Nxh1 14. dxc7 Qe7 15. Bd3 Rac8 16. Qe4 g6 17. Rxh1 Rxc7 18. h5 Bf5 19. Qxe7 Bxe7 20. Bxf5 gxf5 21. Nd5 Bc5 22. Bxc5 Rxc5 23. Nf6+ Kg7 24. Nd7 Rfc8 25. Nxc5 Rxc5 26. Re1 f4 27. Re4 Rxh5 28. Rxf4 f5 29. g4 fxg4 30. Rxg4+ Kf6 31. Rf4+ Ke6 32. Re4+ Kd6 33. Kd2 Rh2+ 34. Kd3 h5 35. Re2 Rh1 36. Ke3 Rf1 37. Kf4 h4 38. Kg4 h3 39. Kg3 a5 40. Rh2 Rg1+ 41. Kxh3 Ke5 42. Rg2 Rh1+ 43. Kg4 Rh7 44. f4+ Kd4 45. Re2 Rg7+ 46. Kf3 Rh7 47. Rd2+ Kc4 48. f5 Rh4 49. f6 Rh6 50. Rd6 Rh1 51. Kg2 Rh8 52. f7 Kc5 53. Rf6 Rf8 54. Kf3 Kd5 55. Kf4 b5 56. Kf5 1-0

[Event "Bad Woerishofen Seniors op 21st"]
[Site "Bad Woerishofen"]
[Date "2005.03.05"]
[Round "3"]
[White "Buchner, Matthias"]
[Black "Winkler, Karl Heinz"]
[Result "0-1"]
[WhiteElo "1456"]
[BlackElo "1634"]
[PlyCount "78"]
[EventDate "2005.03.03"]
[EventType "swiss"]
[EventRounds "9"]
[EventCountry "GER"]
[SourceTitle "EXT 2006"]
[Source "ChessBase"]
[SourceDate "2005.11.24"]
[SourceVersion "1"]
[SourceVersionDate "2005.11.24"]
[SourceQuality "1"]

1. e4 e5 2. Nf3 Nc6 3. d4 exd4 4. Nxd4 Nge7 5. c3 d6 6. Be2 g6 7. 0-0 Bg7 8. Be3 Bd7 9. Nd2 a6 10. b4 0-0 11. a4 b6 12. N2f3 Ne5 13. Rc1 c5 14. bxc5 dxc5 15. Nxe5 Bxe5 16. Nf3 Bg7 17. Qc2 Qc7 18. Qb3 Qc6 19. Bd1 Rab8 20. Qa3 Qxe4 21. Re1 Qb7 22. Bxc5 bxc5 23. Rxe7 Qc6 24. Bc2 Be6 25. Ng5 Qd6 26. Nxe6 fxe6 27. Rxg7+ Kxg7 28. Rd1 Qe5 29. g3 Rf7 30. Bd3 Rbf8 31. Qb2 a5 32. Rf1 Rf3 33. Bb5 Qxc3 34. Qxc3+ Rxc3 35. Re1 Kf6 36. f4 Rd8 37. Kg2 Rd2+ 38. Kh3 Rcc2 39. Rh1 c4 0-1

[Event "Mecklenburg VP LL2 Ost 0102"]
[Site "Mecklenburg VP"]
[Date "2002.04.28"]
[Round "9.3"]
[White "Winkler, Karl Heinz"]
[Black "Stieber, Michael"]
[Result "1/2-1/2"]
[WhiteElo "1741"]
[BlackElo "1798"]
[PlyCount "71"]
[EventDate "2001.10.07"]
[EventType "team-tourn"]
[EventRounds "9"]
[EventCountry "GER"]
[SourceTitle "EXT 2003"]
[Source "ChessBase"]
[SourceDate "2002.11.25"]
[SourceVersion "1"]
[SourceVersionDate "2002.11.25"]
[SourceQuality "1"]
[WhiteTeam "Neubrandenburg SG Eintracht II"]
[BlackTeam "Pasewalk"]
[WhiteTeamCountry "GER"]
[BlackTeamCountry "GER"]

1. e4 c6 2. d4 d5 3. exd5 cxd5 4. c4 Nf6 5. Nc3 e6 6. Nf3 dxc4 7. Bxc4 Be7 8. 0-0 0-0 9. Bf4 a6 10. Re1 Nc6 11. a3 Nd5 12. Bg3 Bf6 13. Ne4 Be7 14. Rc1 Na5 15. Ba2 b6 16. Nc3 Nxc3 17. Rxc3 Bd6 18. Qc2 Bxg3 19. hxg3 Bd7 20. b4 Nb7 21. Bb1 g6 22. Rc1 Rc8 23. Rc7 Nd6 24. Rxc8 Qxc8 25. Qxc8 Rxc8 26. Rxc8+ Bxc8 27. Bd3 f6 28. Kf1 Kf7 29. Ke2 Bb7 30. Ne1 b5 31. f3 Bd5 32. Nc2 Ke7 33. Ke3 Bc4 34. Bxc4 Nxc4+ 35. Kd3 Kd6 36. Ke4 1/2-1/2

[Event "Mecklenburg VP LL2 Ost 0102"]
[Site "Mecklenburg VP"]
[Date "2002.03.17"]
[Round "7.5"]
[White "Winkler, Karl Heinz"]
[Black "Wolter, Guenter"]
[Result "1/2-1/2"]
[WhiteElo "1741"]
[BlackElo "1682"]
[PlyCount "109"]
[EventDate "2001.10.07"]
[EventType "team-tourn"]
[EventRounds "9"]
[EventCountry "GER"]
[SourceTitle "EXT 2003"]
[Source "ChessBase"]
[SourceDate "2002.11.25"]
[SourceVersion "1"]
[SourceVersionDate "2002.11.25"]
[SourceQuality "1"]
[WhiteTeam "Neubrandenburg SG Eintracht II"]
[BlackTeam "Neustrelitz TSG"]
[WhiteTeamCountry "GER"]
[BlackTeamCountry "GER"]

1. e4 e6 2. d4 d5 3. exd5 exd5 4. Bf4 Bd6 5. Bxd6 Qxd6 6. c3 Bf5 7. Nd2 Nd7 8. Qh5 Qe6+ 9. Qe2 Ngf6 10. Qxe6+ Bxe6 11. Bd3 0-0-0 12. Ngf3 h6 13. 0-0 g5 14. Rfe1 Rde8 15. Re2 Re7 16. Rae1 Rhe8 17. Ne5 Kd8 18. Nb3 Nxe5 19. Rxe5 Nd7 20. R5e3 b6 21. a4 Bg4 22. a5 Rxe3 23. fxe3 Be6 24. axb6 axb6 25. Ra1 Ke7 26. Ra7 Kd6 27. Na1 Nf6 28. Nc2 Bd7 29. c4 dxc4 30. Bxc4 Be6 31. Bd3 Bd5 32. h3 Ra8 33. Rxa8 Bxa8 34. Bc4 Bd5 35. Bxd5 Kxd5 36. Kf2 Ke4 37. Ke2 Nd5 38. g4 b5 39. b3 c6 40. Kd2 Kf3 41. Kd3 Kg3 42. e4 Ne7 43. Ne3 Kxh3 44. d5 cxd5 45. exd5 Nxd5 46. Nxd5 Kxg4 47. Ke2 Kf5 48. Nc3 Ke5 49. Nxb5 Kd5 50. Na3 Kc5 51. Nc2 h5 52. Kf3 h4 53. Kg4 f5+ 54. Kh3 Kb5 55. Nd4+ 1/2-1/2

[Event "Mecklenburg VP LL2 Ost 0102"]
[Site "Mecklenburg VP"]
[Date "2002.01.20"]
[Round "4.3"]
[White "Winkler, Karl Heinz"]
[Black "Kohn, Thomas2222"]
[Result "0-1"]
[WhiteElo "1741"]
[BlackElo "1893"]
[PlyCount "33"]
[EventDate "2001.10.07"]
[EventType "team-tourn"]
[EventRounds "9"]
[EventCountry "GER"]
[SourceTitle "EXT 2003"]
[Source "ChessBase"]
[SourceDate "2002.11.25"]
[SourceVersion "1"]
[SourceVersionDate "2002.11.25"]
[SourceQuality "1"]
[WhiteTeam "Neubrandenburg SG Eintracht II"]
[BlackTeam "Stralsund FHSG II"]
[WhiteTeamCountry "GER"]
[BlackTeamCountry "GER"]

1. e4 c5 2. Nf3 d6 3. d4 cxd4 4. Nxd4 Nf6 5. Nc3 g6 6. f4 Nc6 7. Bc4 Bd7 8. h3 Bg7 9. Be3 0-0 10. f5 Qb6 11. fxg6 hxg6 12. Qd3 Ne5 13. Qf1 Qxb2 14. Kd2 Rac8 15. Rb1 Nxc4+ 16. Qxc4 Qxb1 17. Qxc8 0-1

[Event "Mecklenburg VP LL2 Ost 0102"]
[Site "Mecklenburg VP"]
[Date "2001.11.25"]
[Round "3.5"]
[White "Hiltner, Harald"]
[Black "Winkler, Karl Heinz"]
[Result "1/2-1/2"]
[WhiteElo "1526"]
[BlackElo "1741"]
[PlyCount "103"]
[EventDate "2001.10.07"]
[EventType "team-tourn"]
[EventRounds "9"]
[EventCountry "GER"]
[SourceTitle "EXT 2003"]
[Source "ChessBase"]
[SourceDate "2002.11.25"]
[SourceVersion "1"]
[SourceVersionDate "2002.11.25"]
[SourceQuality "1"]
[WhiteTeam "Saal Waterkant"]
[BlackTeam "Neubrandenburg SG Eintracht II"]
[WhiteTeamCountry "GER"]
[BlackTeamCountry "GER"]

1. e4 e5 2. Nf3 Nc6 3. Nc3 Nf6 4. Be2 Bb4 5. d3 d5 6. exd5 Nxd5 7. Bd2 Nxc3 8. bxc3 Bc5 9. Be3 Bxe3 10. fxe3 e4 11. Nd4 Nxd4 12. cxd4 exd3 13. Bxd3 Qh4+ 14. g3 Qh3 15. Qf3 0-0 16. 0-0-0 Bg4 17. Qf1 Qh6 18. Re1 Rfe8 19. Qf4 Qxf4 20. gxf4 Bf3 21. Rhg1 Be4 22. Kd2 Bxd3 23. Kxd3 Re6 24. c3 Rd8 25. f5 Rh6 26. Re2 Rdd6 27. e4 Rh3+ 28. Rg3 Rdh6 29. Rxh3 Rxh3+ 30. Kc4 Kf8 31. a4 Ke7 32. Rg2 g6 33. fxg6 hxg6 34. Rf2 g5 35. e5 g4 36. Rg2 Ke6 37. Rxg4 Rxh2 38. Rg8 Ra2 39. Kb4 Ra1 40. Rc8 Kd7 41. Rf8 Rf1 42. Kc4 Rf3 43. Ra8 a6 44. Rb8 b6 45. Ra8 a5 46. Rf8 Rf1 47. Rh8 Rf2 48. Rh6 Rf3 49. Kb3 Rf5 50. Kc4 Rg5 51. Rf6 Rg7 52. Kb5 1/2-1/2